| 000 | 00758nam a2200181 i 4500 | ||
|---|---|---|---|
| 001 | 63855 | ||
| 003 | ES-MaACL | ||
| 005 | 20230906165002.0 | ||
| 007 | t| | ||
| 008 | 031217s1949 sp ||||1| spa d | ||
| 100 | 1 |
_aFilella Escola, Pedro. _950829 |
|
| 245 | 1 | 0 |
_aFernando M. Palmés, S.J. _b: investigador de reconocido mérito / _cpor Pedro Filella Escola. |
| 260 |
_aLérida : _b[s.n.], _c1949 ( _fImp. Escuela Provincial) |
||
| 300 |
_a17 p., 1 lám. : _bretr. aut. ; _c25 cm. |
||
| 500 | _aPrecede al tít.: Instituto de Estudios Ilerdenses de la Excma. Diputación Provincial de Lérida. Delegación del Consejo Superior de Investigaciones Científicas. | ||
| 710 | 2 |
_aInstituto de Estudios Ilerdenses. _94911 |
|
| 852 |
_aES-MaACL _j1914-F-10 _bR.29997 |
||
| 999 |
_c63855 _d63855 |
||